The life and adventures of Martin Chuzzlewit / (Record no. 187042)

000 -LEADER
fixed length control field 01328 a2200193 4500
003 - CONTROL NUMBER IDENTIFIER
control field Nust
005 - DATE AND TIME OF LATEST TRANSACTION
control field 20230127143021.0
010 ## - LIBRARY OF CONGRESS CONTROL NUMBER
LC control number 36007374
040 ## - CATALOGING SOURCE
Transcribing agency Nust
082 ## - DEWEY DECIMAL CLASSIFICATION NUMBER
Classification number 920,DIC
100 ## - MAIN ENTRY--PERSONAL NAME
Personal name Dickens, Charles,
9 (RLIN) 386
245 ## - TITLE STATEMENT
Title The life and adventures of Martin Chuzzlewit /
Statement of responsibility, etc. Charles Dickens; illustrated in colour by C. E. Brock
260 ## - PUBLICATION, DISTRIBUTION, ETC.
Place of publication, distribution, etc. New York
Name of publisher, distributor, etc. Dodd, Mead & company
Date of publication, distribution, etc. 1935
300 ## - PHYSICAL DESCRIPTION
Extent 764 p
Other physical details col. front
Dimensions col. plates
Accompanying material 24 cm
505 ## - FORMATTED CONTENTS NOTE
Formatted contents note Introductory (Page-17), Wherein Certain persons are Presented to the Reader (Page-22), From Which it will appear if Union be Strength (Page-54), Comprises , Among other (Page-106), Town and Dodgers (Page-130), Wherein a Certain gentleman Becomes Par (Page-169), The Burden Whereof is Hail (Page-237), Dose Business With the House of Anthony Chuzzlewit (Page-282) Is a Chapter of Love (Page-309), Report Progress in Certain Homely Matters (Page-360), Mr. Pinch is Discharged of a Duty (Page-450), Further Proceeding in Eden (Page-474), Tom Pinch Departs to Seek his (Page-510), The Pinches Make a New Acquaintance (Page-565), Further Continuation of the Enterprise (Page-598), In Witch the Tables are Turned (Page-726), Give the Author Great Concern (Page-754).
600 ## - SUBJECT ADDED ENTRY--PERSONAL NAME
Personal name Dickens, Charles,
9 (RLIN) 386
650 ## - SUBJECT ADDED ENTRY--TOPICAL TERM
Topical term or geographic name entry element life of Martin Chuzzlewit
9 (RLIN) 107933
942 ## - ADDED ENTRY ELEMENTS (KOHA)
Source of classification or shelving scheme
Koha item type Book
Holdings
Withdrawn status Lost status Source of classification or shelving scheme Damaged status Not for loan Permanent Location Current Location Shelving location Date acquired Full call number Barcode Date last seen Price effective from Koha item type Public note
          Military College of Signals (MCS) Military College of Signals (MCS) General Stacks 12/12/2016 920,DIC MCS29103 12/08/2016 12/12/2016 Book Almirah No.59, Shelf No.2
© 2023 Central Library, National University of Sciences and Technology. All Rights Reserved.